| 000 | 00358nam a2200145Ia 4500 | ||
|---|---|---|---|
| 005 | 20251222143301.0 | ||
| 008 | 251222s9999||||xx |||||||||||||| ||spa|| | ||
| 020 | _a84-313-0518-5 | ||
| 082 | _a370.192/O86 | ||
| 100 | _aOtero, Oliveros F. | ||
| 245 | 0 | _aLa Educación como RebeldÃa | |
| 250 | _a3a. ed. | ||
| 264 | _bUniversidad de Navarra | ||
| 942 | _cLIB | ||
| 999 |
_c15324 _d15324 |
||